Statistisk arbog 1985 Argang 89

Guardado en:
Detalles Bibliográficos
Formato: Libro
Lenguaje:danés
Publicado: Kobenhavn Danmarks Statistik 1985
Etiquetas: Agregar Etiqueta
Sin Etiquetas, Sea el primero en etiquetar este registro!

MARC

LEADER 00000nam a2200000 4500
001 c110587
005 20250702112842.1
041 0 |a dan 
044 |a DK 
245 1 0 |a Statistisk arbog 1985  |b Argang 89 
264 1 |a Kobenhavn  |b Danmarks Statistik  |c 1985 
300 |a 627 s.